Memórias de um Sargento de Milícias (Record no. 146080)

MARC details
000 -LÍDER
campo de controle de tamanho fixo 00499nam a22001817a 4500
001 - NÚMERO DE CONTROLE
campo de controle 146080
003 - IDENTIFICADOR DO NÚMERO DE CONTROLE
campo de controle OSt
005 - DATA E HORÁRIO DA ÚLTIMA TRANSAÇÃO
campo de controle 20240409164604.0
008 - CAMPO DE DADOS FIXOS--INFORMAÇÃO GERAL
campo de controle de tamanho fixo 240409b |||||||| |||| 00| 0 POR d
020 ## - ISBN - INTERNATIONAL STANDARD BOOK NUMBER
ISBN - International Standard Book Number 8589155307
040 ## - FONTE DA CATALOGAÇÃO
Instituição da catalogação original Complexo Educacional Contemporâneo
Idioma da catalogação por
Instituição que transcreveu o registro Complexo Educacional Contemporâneo
080 ## - CDU - CLASSIFICAÇÃO DECIMAL UNIVERSAL
Número da Classificação Decimal Universal (CDU) 821.134.3(81)
245 ## - TÍTULO
Título Memórias de um Sargento de Milícias
260 ## - PUBLICAÇÃO, DISTRIBUIÇÃO, ETC.
Nome do editor, distribuidor, etc. GERMAPE
Data da publicação, distribuição, etc. [--?]
300 ## - DESCRIÇÃO FÍSICA
Extensão 123 pg.
650 ## - ASSUNTO--TERMO TÓPICO
Fonte do cabeçalho ou termo Literatura Brasileira
942 ## - ELEMENTOS DE ENTRADA ADICIONADOS (KOHA)
Fonte da classificação ou esquema de arquivamento na estante
Ocultar no OPAC Não
Tipo de material Koha Livros
Holdings
Situação do descarte Situação das perdas Fonte da classificação ou esquema de arquivamento na estante Situação física Não pode ser emprestado Biblioteca de origem Biblioteca atual Data de aquisição Total de empréstimos Código de barras Data de último acesso Número do exemplar Data do preço efetivo Tipo de material Koha
          Contemporâneo - Lagoa Nova P1 Contemporâneo - Lagoa Nova P1 09/04/2024   243919 09/04/2024 1 09/04/2024 Livros